Transformation Leipziger Beiträge zu Wirtschaft und Gesellschaft

Salvato in:
Dettagli Bibliografici
Altri autori: Miegel, Meinhard
Natura: Libro
Lingua:tedesco
inglese
Pubblicazione: Leipzig Leipziger Universitätsverlag 1996
Edizione:1. Aufl.
Serie:Schriftenreihe des Zentrums für Internationale Wirtschaftsbeziehungen der Universität Leipzig Nr. 3
Soggetti:
Tags: Aggiungi Tag
Nessun Tag, puoi essere il primo ad aggiungerne!!

MARC

LEADER 00000nam a2200000 4500
001 c018331
005 20221214073007.0
041 0 |a ger 
041 0 |a eng 
044 |a DE 
245 1 0 |a Transformation  |b Leipziger Beiträge zu Wirtschaft und Gesellschaft  |c Edit. Meinhard Miegel ; Red. Cornelie Kunze 
250 |a 1. Aufl. 
264 1 |a Leipzig  |b Leipziger Universitätsverlag  |c 1996 
300 |a 230 s. 
490 1 |a Schriftenreihe des Zentrums für Internationale Wirtschaftsbeziehungen der Universität Leipzig  |v Nr. 3 
830 0 |a Schriftenreihe des Zentrums für Internationale Wirtschaftsbeziehungen der Universität Leipzig  |v Nr. 3 
610 2 0 |a vzťahy hospodárske medzinárodné 
610 2 0 |a Európska únia 
610 2 0 |a obchod zahraničný 
610 2 0 |a stredná Európa 
610 2 0 |a východná Európa 
610 2 0 |a politika obchodná 
610 2 0 |a politika medzinárodná 
610 2 0 |a transformácia 
700 1 |a Miegel, Meinhard